| 000 | nam a22 a 4500 | ||
|---|---|---|---|
| 999 |
_c128776 _d128776 |
||
| 003 | BLK | ||
| 005 | 20220714132105.0 | ||
| 008 | 180409b bul|||||r ||||||| ||bul|| | ||
| 010 | _aKNG00134507000 | ||
| 040 | _aBLK | ||
| 041 |
_aBUL _cBUL |
||
| 072 | 7 |
_2bullib _aК _xКраезнание |
|
| 080 |
_aКомунистически партии. Вж и 327.323 _b329.15 _x(497.215)БКП(092)(0:82-9) _z329.15(497.215)БКП(092)(0:82-9) |
||
| 080 |
_aБългарска литература _b821.163.2 _x-94 _z821.163.2-94 |
||
| 080 |
_aЧлен на ЦК на РП. Редактор на в. Работничка _b929 Богатинова, Дона _z929 Богатинова, Дона |
||
| 100 | 1 |
_aБогатинова, Дона _eпърви автор _939951 |
|
| 139 |
_aБогатинова, Дона _bБ 54 |
||
| 245 | 1 | 0 |
_aТрудно и славно минало _bАвтобиогр. спомени : 1910 - 1944 _cДона Богатинова. |
| 257 | _aBGR | ||
| 260 |
_aСофия _bПартиздат _c1973 |
||
| 300 |
_a197 с., 4 л. _bпортр. _c21 см |
||
| 380 | _a3 | ||
| 600 | 1 | 4 |
_aБогатинова, Дона _939951 |
| 650 | 4 |
_aБКП - дейци - спомени _9241772 |
|
| 650 | 4 |
_aБогатинова, Дона _939951 |
|
| 651 | 4 |
_aБългария _9241624 |
|
| 653 | _aБКП | ||
| 653 | _aдейци | ||
| 653 | _aспомени | ||
| 653 | _aавтобиографии | ||
| 653 | _aДона Богатинова | ||
| 659 | _aК | ||
| 852 |
_aЦб 67128 _bЦб |
||
| 852 | _aК 329(092)/Б 54 | ||
| 942 |
_cKNG _n0 _s1 |
||
| 944 |
_aCR _c04.10.2012 _l04.10.2012 - от С1,Р / 04.10.2012 _kВаля_Йорданова |
||
| 944 |
_aED _c2022-07-14 _kГГГ |
||